| 000 | 00859pam a2200241 a 4500 | ||
|---|---|---|---|
| 020 | _a0471103373 (pbk. : text : acidfree paper) | ||
| 020 | _a0471116238 (pbk. : workbook : acidfree paper) | ||
| 020 | _a0471116246 (pbk. : set : acidfree paper) | ||
| 082 | 0 | 0 |
_a531 _bREI _cL-39, P-179 |
| 100 | 1 |
_aReif, F. _939740 |
|
| 245 | 1 | 0 |
_aUnderstanding basic mechanics / _cFrederick Reif. |
| 260 |
_aNew York : _bWiley, _cc1995. |
||
| 300 |
_a2 v. : _bill. ; _c28 cm. |
||
| 500 | _aIncludes index. | ||
| 505 | 0 | _a[1] Text -- [2] Workbook. | |
| 526 |
_a0 _b0 _c0 _d531_000000000000000_REI |
||
| 526 |
_a0 _b0 _c0 _d531_000000000000000_REI |
||
| 650 | 0 |
_aMCE _9379 |
|
| 650 | 0 |
_aMechanics, Applied. _913090 |
|
| 856 | 4 | _uhttp://www.loc.gov/catdir/toc/onix05/94044982.html | |
| 856 | 4 | 2 | _uhttp://www.loc.gov/catdir/description/wiley034/94044982.html |
| 942 |
_2ddc _cBK |
||
| 999 |
_c544233 _d544233 |
||